| 000 | 00817nam a2200205 a 4500 | ||
|---|---|---|---|
| 005 | 20230527063832.0 | ||
| 008 | 991125s1997 mx 000 0 spa u | ||
| 035 | _aUPN01000034340 | ||
| 049 | _aTES | ||
| 099 | _a13405 | ||
| 100 | 1 | _aCaravantes Estrada, María de Jesús | |
| 245 | 1 | 3 |
_aLa lectura recreativa como instrumento para la comprensión lectora en el primer grado / _cMaría de Jesús Caravantes Estrada. |
| 260 |
_aMazatlán, Sin. : _bM. de J. Caravantes Estrada, _c1997. |
||
| 300 | _a62 h. | ||
| 500 | _a"Unidad 25B" | ||
| 502 | _aPropuesta pedagógica (Lic. en Educación Primaria) -- Universidad Pedagógica Nacional, 1997 | ||
| 650 | 4 |
_aComprensión lectora _xEstudio y enseñanza (Elemental) _912494 |
|
| 710 | 2 |
_aUniversidad Pedagógica Nacional (México). _bUnidad 25B _928462 |
|
| 905 | _aTesis | ||
| 999 |
_c34340 _d34340 |
||